000 00570nam a22001817a 4500
005 20251108170903.0
008 250721s2003 xx 000 0 ara d
082 1 4 _a658.3/صير
100 1 _aالصيرفي، محمد
245 1 0 _aأدارة الأفراد و العلاقات الإنسانية /
264 1 _aعمان :
_bدار قنديل للنشر والتوزيع،
_c2003.
300 _a504ص.
650 1 7 _aالإدارة
650 1 7 _aادارة الأفراد
650 1 7 _aالعلاقات الإنسانية
942 _2ddc
_cBK
999 _c51351
_d51351